1023 1200 1626 1450 1535 1512 1385 1095 1339 1405 1839 1108 1307 1870 1184 1758 1778 1815 1692 1636 1416 1550 1157 1482 1645 1021 1070 1233 1525 1576 1017 1917 1291 1199 1995 1210 1984 1211 1406 1637 1580 1535 1790 1027 1871 1023 1938 1685 1670 1212 1720 1075 1183 1844 1980 1641 1139 1208 1945 1243 1841 1705 1206 1006 1273 1541 1641 1696 1903 1414 1019 1441 1232 1088 1887 1994 1598 1504 1086 1680 1729 1353 1838 1195 1588 1622 1665 1768 1713 1074 1187 1326 1765 1589 1341 1211 1491 1440 1613 BCNSPRNW ULIB Ver.6.0+V

เปลี่ยนเป็นภาษาไทย

Change to English
 แสดงรายละเอียดบรรณานุกรม
  กลับหน้าหลัก

Brief Record : Get Marc (ISO 2709) : E-mail record : QR code < ปิดหน้าต่าง
LEADER : 00000nam 2200000uu 4500
001    13399107714
003     ULIB
008    110124s2552||||th 000 0 tha d
020    9786162790287
060 04 WM100^bม455จ
245 00 จิตเวชศาสตร์รามาธิบดี /^cมาโนช หล่อตระกูล, ปราโมทย์สุคนิชย์, บรรณาธิการ
250    พิมพ์ครั้งที่ 3
260    กรุงเทพฯ :^bภาควิชาจิตเวชศาสตร์คณะแพทยศาสตร์โรงพยาบาลรามาธิบดี มหาวิทยาลัยมหิดล,^c2552
300    x, 568 หน้า ;^c21 ซม.
650  7 จิตเวชศาสตร์
700 0  มาโนช หล่อตระกูล,^eบรรณาธิการ
700 0  ปราโมทย์ สุคนิชย์,^eบรรณาธิการ
710 2  มหาวิทยาลัยมหิดล. ^bคณะแพทยศาสตร์โรงพยาบาลรามาธิบดี.^bภาควิชาจิตเวชศาสตร์
945    ^p300^l0^i029560
945    ^p300^l0^i029561
945    ^p300^l0^i029562
945    ^p300^l0^i030203
945    ^p300^l0^i030202
945    ^p300^l0^i030201
945    ^p300^l0^i030200
945    ^p300^l0^i030198
945    ^p300^l0^i030199
995    เกษร
999 ^a ใช้งานได้ทุกระบบ
รายการนี้ยังไม่มีแท็ก
คุณยังไม่ได้ล็อกอิน คุณสามารถมีกิจกรรมร่วมกับเว็บไซต์ได้ แต่ต้องล็อกอินก่อน ::
  ล็อกอิน

รายการสื่อสารสนเทศ

ลำดับที่ ประเภท เลขเรียก/บาร์โค้ด สถานที่ สถานะ
- ไม่พบข้อมูล -

รายการใกล้เคียง
    หัวเรื่อง [จิตเวชศาสตร์]

BibComment


ยังไม่เคยถูกคอมเมนท์

คอมเมนท์ทรัพยากรรายการนี้
  คอมเมนท์: จิตเวชศาสตร์รามาธ..


 Copyright 2026. Bcnsprnw @Library